000 00708nam a2200241 i 4500
001 C2-0219111
003 PPAK
005 20180728111411.0
008 990822s1997 my a|||| ||||| | eng d
020 _a9838997838
040 _aPPAK
_beng
_cPPAK
_erda
082 0 4 _a658.562
_2 23
090 0 0 _a658.562
_bKEL
_dG
100 1 _aKelada, Joseph N.,
_eauthor
245 1 0 _aIntegrating reengineering with total quality
264 1 _aKuala Lumpur :
_bSynergy Books International ,
_c1997
300 _axxiii, 471 pages :
_billustrations ;
_c22 cm
336 _2rdacontent
_atext
337 _2rdamedia
_aunmediated
338 _2rdacarrier
_avolume
650 1 0 _aTotal quality management
942 _ddc
_cB
999 _c161745
_d161745